| 000 | 01529cam a2200433 i 4500 | ||
|---|---|---|---|
| 999 |
_c5237 _d5237 |
||
| 001 | 18111777 | ||
| 003 | GZU | ||
| 005 | 20210330114210.0 | ||
| 008 | 140409t20152015paua b 000 0 eng | ||
| 010 | _a 2014014240 | ||
| 020 | _a9781451191639 | ||
| 020 | _a1451191634 | ||
| 035 | _a(DNLM)101630038 | ||
| 040 |
_aDNLM/DLC _cDLC _dDLC |
||
| 042 | _apcc | ||
| 050 | 0 | 0 |
_aRF291 _b.HAN 2015 |
| 245 | 0 | 0 |
_aHandbook of clinical audiology / _cJack Katz, Marshall Chasin, Kristina English, Linda J. Hood, Kim L. Tillery |
| 250 | _aSeventh edition. | ||
| 264 | 1 |
_aPhiladelphia : _bWolters Kluwer Health, _c[2015] |
|
| 264 | 4 | _c©2015 | |
| 300 |
_axvi, 927 pages : _billustrations ; _c29 cm |
||
| 336 |
_atext _2rdacontent |
||
| 337 |
_aunmediated _2rdamedia |
||
| 338 |
_avolume _2rdacarrier |
||
| 504 | _aIncludes bibliographical references and indexes. | ||
| 650 | 0 |
_aAudiology _vHandbooks, manuals, etc. |
|
| 650 | 0 |
_aHearing disorders _xDiagnosis _vHandbooks, manuals, etc. |
|
| 650 | 1 | 2 | _aHearing Disorders. |
| 650 | 2 | 2 |
_aHearing _xphysiology. |
| 700 | 1 |
_aKatz, Jack, _eeditor. |
|
| 700 | 1 |
_aChasin, Marshall, _eeditor. |
|
| 700 | 1 |
_aEnglish, Kristina M., _d1951- _eeditor. |
|
| 700 | 1 |
_aHood, Linda J., _eeditor. |
|
| 700 | 1 |
_aTillery, Kim L., _eeditor. |
|
| 856 | 4 | 2 |
_3Publisher description _uhttp://www.loc.gov/catdir/enhancements/fy1503/2014014240-d.html |
| 906 |
_a7 _bcbc _corignew _d1 _eecip _f20 _gy-gencatlg |
||
| 942 |
_2lcc _cBK _e7th ed. _h291 _iHAN _kRF |
||